000 00322nam a2200133Ia 4500
008 190216s9999||||xx |||||||||||||| ||und||
100 _aJohn B Fraleigh
245 0 _aFirst Course In Abstract Algebra
250 _a3rd Ed.
260 _bNarosa Pubs House
_c1998
300 _a478-5
650 _aMathematics
942 _cBK
999 _c31411
_d31411